Wordt geladen...

Industrial engineering and management

Bibliografische gegevens
Hoofdauteur: Agarwal, P K
Formaat: Printed Book
Gepubliceerd in: Pragati Prakashan: Meerut 2002
Onderwerpen:
LEADER 00584nam a2200193 4500
020 |a 8175564040  |c 160 
082 |a R 338.6E AGA 
100 |a Agarwal, P K 
245 |a Industrial engineering and management  |c Agarwal, P K 
250
260 |a Pragati Prakashan: Meerut  |c 2002 
300 |a 568 p 
490
500
590 |a Modern Book Centre  |b WCD1292/02;26-10-02 
650 |a Industrial engineering 
942 |c BK 
999 |c 137391  |d 137391 
952 |0 0  |1 0  |4 0  |6 R_338_000000000000000_6E_AGA  |7 0  |9 150851  |a IMK  |b IMK  |g 160.00  |l 0  |o R 338.6E AGA  |p IMK04397  |r 2019-10-25  |w 2019-10-25  |y BK